Postales
Shranjeno v:
| Glavni avtor: | |
|---|---|
| Format: | Knjiga |
| Jezik: | Spanish |
| Izdano: |
San José, Costa Rica
Editorial de la Universidad de Costa Rica
2008
|
| Teme: | |
| Oznake: |
Označite
Brez oznak, prvi označite!
|
MARC
| LEADER | 00000nam a22000007a 4500 | ||
|---|---|---|---|
| 008 | 180117b xxu||||| |||| 00| 0 spa d | ||
| 040 | |a cru BVZT | ||
| 090 | |a 860 B-1.2p | ||
| 100 | |q Báez Rosario, Francisco | ||
| 245 | |a Postales |c Frank Báez | ||
| 260 | |a San José, Costa Rica |b Editorial de la Universidad de Costa Rica |c 2008 | ||
| 300 | |a 77 páginas | ||
| 650 | |a LITERATURA LATINOAMERICANA | ||
| 650 | |a POESÍA | ||
| 650 | |a FRANCISCO BÁEZ ROSARIO | ||
| 650 | |a REPÚBLICA DOMINICANA | ||
| 942 | |c 15 D | ||
| 999 | |c 15428 |d 15428 | ||
